Diseño de Manual de Higiene y Seguridad Industrial para Minimizar los riesgos en el taller CUADRA ubicado en la ciudad de Managua
Presenta el diseño de un manual de higiene y seguridad industrial para minimizar el riesgo laboral en el taller Cuadra, ubicado en delicias del Volga, Managua, Nicaragua. Determina el ámbito de higiene y seguridad industrial en el taller Cuadra. Identifica y evalúa los riesgos, en forma inicial y...
| Main Authors: | , , |
|---|---|
| Other Authors: | |
| Format: | Tesis Section = Libro |
| Language: | Undetermined Spanish |
| Published: |
Managua
UNI
2015
|
| Subjects: |
| LEADER | 01498nam a2200301Ia 4500 | ||
|---|---|---|---|
| 008 | 240830s9999 xx 000 0 und d | ||
| 040 | |a BIBLIOTECA-RUPAP Mon 658.38 H557 | ||
| 041 | |a spa | ||
| 082 | |a Mon 658.38 H557 | ||
| 100 | 1 | |a Hernández Diaz, Jairo José | |
| 100 | 1 | |b Hernández Toruño, Kevin Fabricio | |
| 100 | 1 | |c Ortiz Jiménez, Daniel Antonio | |
| 245 | 1 | 0 | |a Diseño de Manual de Higiene y Seguridad Industrial para Minimizar los riesgos en el taller CUADRA ubicado en la ciudad de Managua |
| 260 | |a Managua |b UNI |c 2015 | ||
| 300 | |a 158 p. :il. | ||
| 500 | |a Contiene: anexos y CD. | ||
| 502 | |a Tesis (Ingeniero Industrial)- UNI, 2015. | ||
| 520 | 3 | |a Presenta el diseño de un manual de higiene y seguridad industrial para minimizar el riesgo laboral en el taller Cuadra, ubicado en delicias del Volga, Managua, Nicaragua. Determina el ámbito de higiene y seguridad industrial en el taller Cuadra. Identifica y evalúa los riesgos, en forma inicial y periódica, con la finalidad de planificar adecuadamente los equipos de protección personal, inspección de seguridad, zonas de seguridad, rutas y plan de emergencia. | |
| 650 | 7 | |a SEGURIDAD INDUSTRIAL | |
| 650 | 7 | |b HIGIENE Y SEGURIDAD-MANUAL-DISEÑO | |
| 650 | 7 | |c SEGURIDAD OCUPACIONAL | |
| 650 | 7 | |d RIESGOS PROFESIONALES | |
| 650 | 7 | |e MEDIDAS DE HIGIENE | |
| 650 | 7 | |f MAPAS DE RIESGOS LABORALES | |
| 700 | 1 | |a Tutor: |b Cáceres Antón, Juan Agustín | |
| 942 | |c BK |2 ddc | ||
| 991 | |a TESIS | ||
| 999 | |c 17121 | ||